Pharmaceutical Chemistry -1 (Record no. 33749)

MARC details
000 -LEADER
fixed length control field 00443nam a22001817a 4500
005 - DATE AND TIME OF LATEST TRANSACTION
control field 20231012133321.0
008 - FIXED-LENGTH DATA ELEMENTS--GENERAL INFORMATION
fixed length control field 231003b |||||||| |||| 00| 0 eng d
020 ## - INTERNATIONAL STANDARD BOOK NUMBER
ISBN 978123906309
082 ## - DEWEY DECIMAL CLASSIFICATION NUMBER
Classification number 615.19
Item number ANI
100 ## - MAIN ENTRY--AUTHOR
Author Name Anil,Bhandari
245 ## - TITLE STATEMENT
Title Pharmaceutical Chemistry -1
260 ## - PUBLICATION, DISTRIBUTION, ETC.
Place of Publication India
Name of publisher, distributor, etc. CBS Publisher
Date of publication, distribution, etc. 2006
300 ## - PHYSICAL DESCRIPTION
Pages 148
500 ## - GENERAL NOTE
General note Include Index
650 ## - SUBJECT ADDED ENTRY--TOPICAL TERM
Subject / Department Pharmacy
700 ## - ADDED ENTRY--PERSONAL NAME
Personal name Anil Bhandari
942 ## - ADDED ENTRY ELEMENTS (KOHA)
-- Book
-- BOOK
952 ## - LOCATION AND ITEM INFORMATION (KOHA)
-- 0
-- 0
Holdings
Lost status Damaged status Collection code Permanent Location Current Location Shelving Location Date acquired Full Call Number Accession No./Barcode Date last seen item type
    Pharmacy Superior Information Resource Center (SIRC) Superior University- Central Library Superior Information Resource Center (SIRC) Superior University- Central Library Pharmacy 10/03/2023 615.19 ANI-P 2006 20622 10/03/2023 BOOK

Powered by Koha